Tous les vainqueurs de coupe du monde #4 : Basketball - Statistiques

Statistiques générales
  • Ce quiz a été pris 225 fois
  • Le résultat moyen est 5 sur 7
Statistiques - réponses
Victoires Pays % Correct
5 Etats-Unis
100%
2 Espagne
93%
1 Allemagne
88%
3 Russie
73%
1 Argentine
71%
2 Brésil
58%
5 Yougoslavie
38%
Aucun quiz correspondant
Distribution des résultats
% des personnes avec chaque résultat
Percentile par nombre de réponses
Votre historique - résultats
Vous n’avez pas pris ce quiz